00469nam a2200145Ia 4500008004100000082001000041082000800051245006600059245003600125260003600161300000900197942000800206999001900214952009000233231017s9999 xx 000 0 und d a625.7 bPAV 0aPavement recycling guidelines for state and local governments 0cUS Department of Transportation bUS Department of Transportation c30cm cREP c605805d605805 00104070aNITbNITd2023-10-17l0o625.7 PAVpNIT-2106r2023-10-17w2023-10-17yREP